| 000 | 00457nam a2200181Ia 4500 | ||
|---|---|---|---|
| 005 | 20250923144503.0 | ||
| 008 | 008 250917s9999 xx 000 0 eng d | ||
| 037 | _aTextual | ||
| 040 |
_aDSWL _beng _cDSWL |
||
| 041 |
_aeng _2eng |
||
| 084 | _qDSWL | ||
| 100 |
_aAgashe, S.K. _9825403 |
||
| 245 | 0 |
_aStudy of employment exchange _cby S.K. Agashe |
|
| 260 | _c1954 | ||
| 300 | _aii,106p. | ||
| 942 | _cTEXL | ||
| 999 |
_c1439511 _d1439511 |
||